00736nam a22001937a 4500003000900000005001700009008004100026040002500067082002300092100002800115245021000143250001400353260003700367300002900404504002700433650002900460700002900489700002400518DO-SdBNP20220727140257.0220727b1999 |||a|||e ip|| 001 0 spa d aDO-SdBNPbspacBNPHU4 222a657.044bD278c 0aDe la Rosa, Víctor R.10aCurso de contabilidad para el segundo nivel : teoría y práctica, preguntas y problemas bteoría y práctica, preguntas y problemas /cVíctor R. De la Rosa, Dámaso A. Toribio L., Luis E. Madrigal a2da. ed. aSanto Domingo :b[ s.n.],c1999. a219 p. : bil. ; c23 cm aBibliografía: p. 2194 aContabilidadxEnseñaza1 aToribio L., Dámaso A. 1 aMadrigal, Luis E.